000 00637nam a2200265Ia 4500
005 20260121170435.0
008 008 260114s9999 xx 000 0 eng d
020 _a9781484231296
037 _aEBOOK
040 _aCRL
040 _beng
040 _cCRL
041 _2eng
041 _aeng
084 _qCRL
100 _aVlad Catrinescu
_91063908
245 0 _aEssential PowerShell for Office 365
260 _bSpringer
260 _bSpringer
260 _c2018
856 _uhttps://link.springer.com/openurl?genre=book&isbn=978-1-4842-3129-6
942 _cEBOOK
999 _c1629637
_d1629637